000 00688nam a22002177a 4500
999 _c13376
_d13376
003 AR-CdUCM
008 190415b ||||| |||| 00| 0 spa d
020 _a978-612-47088-1-7
040 _aMUNICIPALIDAD PROVINCIAL DEL CUSCO
_cBIBLIOTECA MUNICIPAL DEL CUSCO
082 _a869.965 /
_bF39
100 _aFernández Valdés, Giovanni
_931765
245 _aFragmentos de la Aguja /
260 _aLima :
_bLa Apacheta Editores ;
_c2015.
300 _a29 páginas ;
_c13cm
440 _aColección Primera Piedra
_n2
_931766
505 _aContenido: Poesía
650 _aPoesía
_9139
710 _aGrupo Empresarial Amotape
_931767
942 _2ddc
_cLIBROS
945 _anom
_d2019-04-15